[Event "4th ch-EU"]
[Site "Liverpool ENG"]
[Date "2008.09.09"]
[Round "1"]
[White "Davies,Ni"]
[Black "Taylor,E"]
[Result "1/2-1/2"]
[WhiteElo "2478"]
[BlackElo "2067"]
[EventDate "2008.09.09"]

1. Nf3 Nf6 2. g3 g6 3. Bg2 Bg7 4. O-O O-O 5. c4 c5 6. d4 cxd4 7. Nxd4 Nc6
8. Nc3 Qb6 9. Nb3 d6 10. Nd5 Nxd5 11. cxd5 Ne5 12. Be3 Qd8 13. Bd4 Bd7 14.
Rc1 b6 15. f4 Ng4 16. Bxg7 Kxg7 17. Qd2 Rc8 18. Nd4 Nf6 19. e4 b5 20. Rxc8
Qxc8 21. Rc1 Qb8 22. Nc6 Bxc6 23. dxc6 Rc8 24. Qa5 Ne8 25. Bh3 e6 26. f5
Nc7 27. Qc3+ Kg8 28. Kh1 Qb6 29. Qd2 Rd8 30. Qg5 Re8 31. Qd2 d5 32. exd5
exd5 33. Bg2 Qe3 34. Qxe3 Rxe3 35. Rd1 Re5 36. fxg6 hxg6 37. Kg1 Kf8
1/2-1/2

[Event "4th ch-EU"]
[Site "Liverpool ENG"]
[Date "2008.09.09"]
[Round "1"]
[White "Shaw,J"]
[Black "Bennion,D"]
[Result "1-0"]
[WhiteElo "2469"]
[BlackElo "2063"]
[EventDate "2008.09.09"]

1. e4 e6 2. d4 d5 3. Nd2 c5 4. exd5 exd5 5. Ngf3 Nc6 6. Bb5 Bd6 7. dxc5
Bxc5 8. O-O Nge7 9. Nb3 Bb6 10. Re1 O-O 11. Be3 Ng6 12. Bxb6 Qxb6 13. a4
Bg4 14. Qxd5 Nb4 15. Qe4 Bxf3 16. Qxb4 a6 17. a5 Qf6 18. Bf1 Nh4 19. Qe7
Qh6 20. Nd4 Bd5 21. c4 Bc6 22. Nxc6 bxc6 23. Rad1 Qh5 24. Be2 Qh6 25. g3
Ng6 26. Qc5 Rae8 27. Bf3 Rxe1+ 28. Rxe1 Qd2 29. Re2 Qc1+ 30. Kg2 Rd8 31.
Qxc6 Nf8 32. Bd5 h6 33. Re8 Qg5 34. h4 1-0

[Event "4th ch-EU"]
[Site "Liverpool ENG"]
[Date "2008.09.09"]
[Round "1"]
[White "O'Rourke,R"]
[Black "McNab,C"]
[Result "0-1"]
[WhiteElo "2062"]
[BlackElo "2450"]
[EventDate "2008.09.09"]

1. e4 g6 2. d4 d6 3. Nf3 Bg7 4. c3 Nf6 5. Nbd2 O-O 6. Be2 Nc6 7. O-O e5 8.
dxe5 Nxe5 9. Nxe5 dxe5 10. Qc2 b6 11. a4 Bb7 12. Bf3 a5 13. Nc4 Qe7 14. Be3
Rfd8 15. Rfd1 Qe6 16. b3 Bf8 17. Rxd8 Rxd8 18. Bg5 Be7 19. Bxf6 Bxf6 20.
Ne3 Bg5 21. Rd1 Rxd1+ 22. Qxd1 Bxe3 23. fxe3 Qe7 24. Qd3 Qc5 25. Kf2 Kg7
26. c4 Qe7 27. h3 Bc6 28. Qc3 h5 29. Kg1 Qd6 30. Kf2 Kf6 31. Kg1 Ke7 32.
Kf2 f6 33. Kg3 Qa3 34. Qc2 Bd7 35. Kf2 Be6 36. Be2 Qc5 37. Bd3 c6 38. Qd1
Qb4 39. Qc2 Kd6 40. Be2 Kc7 41. Bd3 Qf8 42. Kg1 Qc5 43. Qf2 Kd7 44. Kh2 Ke7
45. Qd2 Qb4 46. Qxb4+ axb4 47. Bc2 Kd6 48. Kg3 Kc5 49. Kh4 Bxc4 50. g4 hxg4
51. hxg4 g5+ 52. Kh5 Bf7+ 53. Kh6 Kd6 54. Kg7 Ke7 55. Bd1 c5 56. Kh6 c4 57.
bxc4 Bxc4 58. Bc2 b3 0-1

[Event "4th ch-EU"]
[Site "Liverpool ENG"]
[Date "2008.09.09"]
[Round "1"]
[White "Arakhamia,K"]
[Black "Tasker,M"]
[Result "1-0"]
[WhiteElo "2448"]
[BlackElo "2062"]
[EventDate "2008.09.09"]

1. e4 c5 2. Nf3 d6 3. d4 cxd4 4. Nxd4 Nf6 5. Nc3 Nc6 6. Bg5 e6 7. Qd2 Be7
8. O-O-O O-O 9. Nb3 Qb6 10. f3 Rd8 11. Nb5 Rd7 12. Be3 Qd8 13. N5d4 Qc7 14.
g4 Ne5 15. g5 Ne8 16. Nb5 Qb8 17. f4 Nc6 18. h4 a6 19. N5d4 Bf8 20. Bd3 e5
21. Nxc6 bxc6 22. fxe5 dxe5 23. Qc3 Qc7 24. h5 Rd8 25. g6 Be6 26. gxf7+
Bxf7 27. Rdf1 Be6 28. h6 g6 29. Nc5 Bxc5 30. Bxc5 Bf7 31. Rxf7 1-0

[Event "4th ch-EU"]
[Site "Liverpool ENG"]
[Date "2008.09.09"]
[Round "1"]
[White "Wilson,A"]
[Black "Spoelman,W"]
[Result "0-1"]
[WhiteElo "2059"]
[BlackElo "2448"]
[EventDate "2008.09.09"]

1. e4 c5 2. Nf3 d6 3. d4 Nf6 4. Nc3 cxd4 5. Qxd4 Bd7 6. Bg5 Nc6 7. Qd2 a6
8. Bc4 b5 9. Bb3 e6 10. O-O-O b4 11. Bxf6 Qxf6 12. Ne2 Qd8 13. Nfd4 Nxd4
14. Nxd4 a5 15. Bc4 Be7 16. Kb1 O-O 17. f4 Qc7 18. Bd3 a4 19. Rhe1 Qb6 20.
Nf3 Bc6 21. Qe3 Qa5 22. Nd2 d5 23. Qh3 g6 24. Re3 a3 25. b3 Qc5 26. Be2
Rac8 27. Rc1 Qd4 0-1

[Event "4th ch-EU"]
[Site "Liverpool ENG"]
[Date "2008.09.09"]
[Round "1"]
[White "Pileckis,E"]
[Black "Cafolla,P"]
[Result "1-0"]
[WhiteElo "2443"]
[BlackElo "2055"]
[EventDate "2008.09.09"]

1. Nf3 d5 2. d4 e6 3. c4 c5 4. cxd5 exd5 5. Nc3 Nc6 6. Bg5 Be7 7. Bxe7
Ngxe7 8. e3 O-O 9. dxc5 Qa5 10. Be2 Qxc5 11. O-O Rd8 12. Rc1 Qb4 13. Qd2
Bg4 14. a3 Qa5 15. Nd4 Nxd4 16. Qxd4 Bxe2 17. Nxe2 Nc6 18. Qc5 Qxc5 19.
Rxc5 Rd7 20. Rfc1 Rad8 21. Nf4 Kf8 22. b4 a6 23. Kf1 Ne7 24. R5c2 Ng6 25.
Nd3 Rd6 26. Rc7 R6d7 27. Rxd7 Rxd7 28. Rc8+ Ke7 29. Nc5 Rd6 30. Nxb7 Rb6
31. Rc7+ Kf6 32. Nc5 Rd6 33. Ra7 1-0

[Event "4th ch-EU"]
[Site "Liverpool ENG"]
[Date "2008.09.09"]
[Round "1"]
[White "Cannon,Ra"]
[Black "Dembo,Y"]
[Result "0-1"]
[WhiteElo "2041"]
[BlackElo "2431"]
[EventDate "2008.09.09"]

1. e4 c5 2. Nf3 Nc6 3. d4 cxd4 4. Nxd4 Nf6 5. Nc3 d6 6. Bg5 e6 7. Qd2 a6 8.
O-O-O h6 9. Bf4 Bd7 10. Nxc6 Bxc6 11. Bxd6 Bxd6 12. Qxd6 Qxd6 13. Rxd6 Bxe4
14. Rd4 Bc6 15. f3 Rd8 16. Rxd8+ Kxd8 17. Bc4 g5 18. Rd1+ Ke7 19. h3 h5 20.
Ne2 b5 21. Nd4 Bb7 22. Bb3 Rd8 23. c3 Nd5 24. Bxd5 Bxd5 25. Rd2 f5 26. Kc2
f4 27. b3 Rd7 28. Ne2 e5 29. Kd1 Ke6 30. Ke1 a5 31. Kf2 Rc7 32. Rd3 a4 33.
Nc1 axb3 34. axb3 e4 35. fxe4 Bxe4 36. Rd4 Ke5 37. Nd3+ Kf5 38. c4 bxc4 39.
bxc4 Ra7 40. Nb4 Ra3 41. Rd2 Rc3 42. Nd5 Rxc4 43. g3 Rc5 44. Nb4 fxg3+ 45.
Kxg3 h4+ 46. Kf2 Rc3 47. Rd8 Rf3+ 48. Ke2 Rxh3 49. Nd5 Bxd5 50. Rxd5+ Kf4
51. Kf2 Rh2+ 52. Kg1 Ra2 53. Rd4+ Kg3 54. Rd3+ Kg4 55. Rd4+ Kh5 56. Rb4 h3
57. Rc4 g4 58. Rc5+ Kh4 59. Rc4 Re2 60. Kh1 Kg3 61. Rc3+ Kf2 62. Kh2 Re3
63. Rc2+ Kf3 64. Rc8 Re2+ 65. Kh1 0-1

[Event "4th ch-EU"]
[Site "Liverpool ENG"]
[Date "2008.09.09"]
[Round "1"]
[White "Ris,R"]
[Black "Coates,D"]
[Result "1-0"]
[WhiteElo "2415"]
[BlackElo "2037"]
[EventDate "2008.09.09"]

1. e4 c5 2. Nf3 d6 3. Nc3 Nf6 4. d4 cxd4 5. Nxd4 a6 6. Bg5 e6 7. f4 Qc7 8.
Qf3 b5 9. O-O-O b4 10. Nce2 Bb7 11. Bxf6 gxf6 12. Ng3 Nd7 13. Kb1 Rc8 14.
Bd3 Nc5 15. Qe2 Be7 16. Nh5 Rg8 17. g4 Qb6 18. Nb3 Nxd3 19. cxd3 a5 20. Nd2
Qd4 21. Nf3 Qb6 22. g5 fxg5 23. fxg5 Qb5 24. Rhf1 a4 25. Qf2 Rf8 26. h4 b3
27. Nd4 bxa2+ 28. Ka1 Qb4 29. Nf6+ Bxf6 30. Qxf6 a3 31. Rf2 axb2+ 32. Rxb2
Qc3 33. Qf2 Ba6 34. Ne2 Qa5 35. Rxa2 Qe5+ 36. Qd4 Qxd4+ 37. Nxd4 Ra8 38.
Rb1 Kd7 39. Rb6 e5 40. Nf5 1-0

[Event "4th ch-EU"]
[Site "Liverpool ENG"]
[Date "2008.09.09"]
[Round "1"]
[White "Campbell,I"]
[Black "D'Costa,L"]
[Result "0-1"]
[WhiteElo "2031"]
[BlackElo "2414"]
[EventDate "2008.09.09"]

1. Nf3 Nf6 2. d4 c5 3. e3 g6 4. Be2 Bg7 5. O-O O-O 6. Nbd2 cxd4 7. exd4 d5
8. Re1 Nc6 9. c3 a6 10. Nf1 Qd6 11. Bd3 Nh5 12. Bg5 h6 13. Bd2 f5 14. Ne5
Nxe5 15. dxe5 Bxe5 16. Bxh6 Rf7 17. Qe2 Bf6 18. Rad1 Bd7 19. Bc4 e6 20. Bb3
Re8 21. Bc1 b5 22. a3 Rfe7 23. Qf3 Bc6 24. Ng3 Nxg3 25. hxg3 Rd8 26. Qe2
Kg7 27. Qc2 Rh8 28. Be3 g5 29. f4 Kg6 30. Kf2 Reh7 31. Rg1 Rh2 32. Qd2 R8h3
33. Kf1 Rxg3 0-1

[Event "4th ch-EU"]
[Site "Liverpool ENG"]
[Date "2008.09.09"]
[Round "1"]
[White "Collins,S IRL"]
[Black "Fraser Mitchell,J"]
[Result "1-0"]
[WhiteElo "2412"]
[BlackElo "2018"]
[EventDate "2008.09.09"]

1. e4 e6 2. d3 d5 3. Nd2 c5 4. Ngf3 Bd6 5. Qe2 Ne7 6. g3 Nbc6 7. c3 Qc7 8.
Bg2 Bd7 9. O-O f6 10. d4 O-O 11. exd5 exd5 12. dxc5 Bxc5 13. Nb3 Bd6 14.
Nfd4 Nxd4 15. Nxd4 Qc8 16. Bf4 Bxf4 17. Qxe7 Be5 18. Bxd5+ Kh8 19. Rad1 Rb8
20. Be6 Bxd4 21. Bxd7 Qc5 22. Qe4 Be5 23. Bf5 h6 24. Rd5 Qb6 25. Rfd1 Qxb2
26. Qg4 Qxa2 27. Qg6 Kg8 28. Rd7 Rf7 29. Qh7+ Kf8 30. Qh8+ 1-0

[Event "4th ch-EU"]
[Site "Liverpool ENG"]
[Date "2008.09.09"]
[Round "1"]
[White "Wells,D"]
[Black "Vaznonis,V"]
[Result "0-1"]
[WhiteElo "2016"]
[BlackElo "2407"]
[EventDate "2008.09.09"]

1. e4 e6 2. d4 d5 3. Nc3 Nf6 4. Bg5 Be7 5. e5 Nfd7 6. h4 Bxg5 7. hxg5 Qxg5
8. Qd3 Nf8 9. Nh3 Qh4 10. g3 Qe7 11. O-O-O Nc6 12. f4 Bd7 13. f5 O-O-O 14.
Nf4 Kb8 15. Kb1 f6 16. exf6 Qxf6 17. Bh3 exf5 18. Ncxd5 Qf7 19. Ne3 g5 20.
Ne2 Nb4 21. Qa3 Nd5 22. Nxd5 Qxd5 23. Qe7 Bc6 24. Qxg5 Ne6 25. Qh6 Qc4 26.
Rhe1 Be4 27. Qd2 Rhg8 28. b3 Qc6 29. Kb2 Ng5 30. Ng1 Nxh3 31. Nxh3 Rxg3 32.
Ng5 a6 33. Nf7 Rdg8 34. Ne5 Qd6 35. Re2 h5 36. Rf1 h4 37. Rh2 h3 38. Rff2
c5 0-1

[Event "4th ch-EU"]
[Site "Liverpool ENG"]
[Date "2008.09.09"]
[Round "1"]
[White "Houska,Jo"]
[Black "Hawkins,Ja"]
[Result "1-0"]
[WhiteElo "2405"]
[BlackElo "2013"]
[EventDate "2008.09.09"]

1. d4 Nf6 2. Nf3 b6 3. c4 e6 4. g3 Bb7 5. Bg2 Bb4+ 6. Bd2 Qe7 7. O-O Bxd2
8. Qxd2 Ne4 9. Qe3 Nf6 10. Nc3 d6 11. Rfc1 O-O 12. d5 e5 13. b4 Nbd7 14.
Nh4 Rfe8 15. Rab1 e4 16. Nf5 Qe5 17. Qf4 a6 18. a4 Rac8 19. e3 g6 20. Nd4
Qxf4 21. gxf4 Ba8 22. Rd1 Re7 23. Ra1 Bb7 24. a5 Nb8 25. Bh3 Rce8 26. Nb3
Nfd7 27. axb6 cxb6 28. c5 dxc5 29. bxc5 Nxc5 30. Nxc5 bxc5 31. d6 Rd7 32.
Bxd7 Nxd7 33. Nd5 Bxd5 34. Rxd5 Ra8 35. Ra5 Kf8 36. Rd2 Rc8 37. Rxa6 c4 38.
Ra7 c3 39. Rc2 Ke8 40. Rc7 1-0

[Event "4th ch-EU"]
[Site "Liverpool ENG"]
[Date "2008.09.09"]
[Round "1"]
[White "Estremera Panos,S"]
[Black "Van Kemenade,R"]
[Result "1-0"]
[WhiteElo "2394"]
[BlackElo "1971"]
[EventDate "2008.09.09"]

1. d4 Nf6 2. Nf3 g6 3. c4 Bg7 4. Nc3 O-O 5. e4 d6 6. Be2 e5 7. O-O Nc6 8.
d5 Ne7 9. b4 Ne8 10. Nd2 f5 11. c5 h5 12. exf5 Nxf5 13. Nde4 Nf6 14. Bg5
Rf7 15. Rc1 a6 16. a4 Qf8 17. a5 Nd4 18. Bd3 Bf5 19. f3 Nh7 20. Be3 Rd8 21.
c6 bxc6 22. Bxa6 cxd5 23. Nxd5 c6 24. Bxd4 cxd5 25. Bb6 dxe4 26. Bxd8 Qxd8
27. Bc4 Nf6 28. Bxf7+ Kxf7 29. Qc2 Bh6 30. fxe4 Nxe4 31. Qxe4 Bxc1 32. Qc4+
Kg7 33. Qxc1 Qh4 34. Qc7+ Kh6 35. Qxd6 Qe4 36. Qd2+ Kg7 37. Re1 1-0

[Event "4th ch-EU"]
[Site "Liverpool ENG"]
[Date "2008.09.09"]
[Round "1"]
[White "Ringoir,G"]
[Black "Garcia Castro,P"]
[Result "0-1"]
[WhiteElo "1944"]
[BlackElo "2390"]
[EventDate "2008.09.09"]

1. e4 e5 2. Nf3 d6 3. Nc3 Nf6 4. h3 Be7 5. Bc4 O-O 6. O-O c6 7. d3 b5 8.
Bb3 Nbd7 9. Be3 Bb7 10. a4 b4 11. Ne2 d5 12. Ng3 a5 13. Re1 Re8 14. c4 dxe4
15. dxe4 Bc5 16. Bc2 Qb6 17. Bxc5 Nxc5 18. b3 Rad8 19. Qe2 Ne6 20. Rad1 Nf4
21. Qf1 Nd7 22. Nf5 f6 23. g3 Ne6 24. Qe2 Ndc5 25. Rd6 Rxd6 26. Nxd6 Rd8
27. Rd1 Qc7 28. Nf5 Kf8 29. Rd2 g6 30. Ne3 Bc8 31. h4 h5 32. Qd1 Ke7 33.
Kf1 Rxd2 34. Qxd2 Qd6 35. Ke1 Nd4 36. Qd1 Nxf3+ 37. Qxf3 Qd4 38. Nd1 Bg4
39. Qe3 Bxd1 40. Bxd1 Nxe4 41. Qxd4 exd4 42. Bc2 f5 43. Ke2 Nc5 44. f4 d3+
45. Bxd3 Nxb3 0-1

[Event "4th ch-EU"]
[Site "Liverpool ENG"]
[Date "2008.09.09"]
[Round "1"]
[White "Gorman,J"]
[Black "Eggleston,D"]
[Result "0-1"]
[WhiteElo "1937"]
[BlackElo "2372"]
[EventDate "2008.09.09"]

1. Nf3 Nf6 2. b3 b6 3. Bb2 Bb7 4. e3 g6 5. Be2 Bg7 6. O-O O-O 7. c4 d6 8.
d4 Nbd7 9. Nc3 e5 10. Qc2 Qe7 11. dxe5 dxe5 12. Rfd1 e4 13. Ne1 c5 14. Nd5
Bxd5 15. cxd5 Qd6 16. Bb5 Ne5 17. Rac1 Rad8 18. h3 h5 19. Qb1 Qe7 20. Bc6
Nxc6 21. dxc6 Qe6 22. c7 Rc8 23. b4 Rxc7 24. Nc2 cxb4 25. Nxb4 Rfc8 26.
Rxc7 Rxc7 27. Rd8+ Kh7 28. Qd1 Qe7 29. Rd6 Ne8 30. Bxg7 Qxd6 31. Qxd6 Nxd6
32. Be5 Rc1+ 33. Kh2 Nc4 0-1

[Event "4th ch-EU"]
[Site "Liverpool ENG"]
[Date "2008.09.09"]
[Round "1"]
[White "Benson,O"]
[Black "Rudd,J"]
[Result "0-1"]
[WhiteElo "1852"]
[BlackElo "2345"]
[EventDate "2008.09.09"]

1. d4 e6 2. Nf3 Nf6 3. Bg5 c5 4. e3 Be7 5. Nbd2 Nc6 6. c3 b6 7. Bd3 O-O 8.
O-O Bb7 9. a4 Nd5 10. Bxe7 Qxe7 11. Nb3 cxd4 12. exd4 Nf4 13. Bc2 f5 14.
Qd2 g5 15. Rfe1 Qg7 16. Nc1 Na5 17. Bd1 Nc4 18. Qc2 g4 19. Nh4 Qg5 20. g3
Nh3+ 21. Kf1 f4 22. Re2 f3 23. Re5 Nxe5 24. dxe5 Ba6+ 25. c4 Qxe5 26. Nd3
Qd4 27. Rc1 d5 28. b3 dxc4 29. bxc4 Rad8 30. Nb2 Rd7 31. Ng6 Rfd8 0-1

[Event "4th ch-EU"]
[Site "Liverpool ENG"]
[Date "2008.09.09"]
[Round "1"]
[White "Priborsky,J"]
[Black "Hulligan,S"]
[Result "1-0"]
[WhiteElo "2344"]
[BlackElo "1822"]
[EventDate "2008.09.09"]

1. Nf3 Nf6 2. g3 g6 3. b3 Bg7 4. Bb2 d6 5. d4 O-O 6. Bg2 Nbd7 7. O-O c5 8.
e3 Re8 9. c4 Rb8 10. Nc3 a6 11. a4 b6 12. Qd2 e6 13. Rad1 Qe7 14. e4 Rd8
15. Rfe1 Bb7 16. Qe2 cxd4 17. Nxd4 Ne5 18. f4 Nc6 19. Nxc6 Bxc6 20. Ba3 Qc7
21. Rd3 Ne8 22. Red1 Rd7 23. f5 Rbd8 24. fxe6 fxe6 25. Qd2 Qb7 26. Nd5 Bxd5
27. exd5 e5 28. Bh3 Re7 29. Be6+ Kh8 30. Qg2 Nf6 31. Rf1 Qc7 32. Rdf3 Rf8
33. g4 Ree8 34. R3f2 Nd7 35. Rf7 1-0

[Event "4th ch-EU"]
[Site "Liverpool ENG"]
[Date "2008.09.09"]
[Round "1"]
[White "Soikkeli,R"]
[Black "Bitalzadeh,A"]
[Result "0-1"]
[WhiteElo "1738"]
[BlackElo "2310"]
[EventDate "2008.09.09"]

1. e4 c5 2. d4 cxd4 3. c3 dxc3 4. Nxc3 e6 5. Nf3 a6 6. Bc4 b5 7. Bb3 Bb7 8.
Qe2 d6 9. O-O Nd7 10. Rd1 Ngf6 11. Bg5 Be7 12. e5 Bxf3 13. Qxf3 Nxe5 14.
Qh3 O-O 15. f4 Neg4 16. Bxf6 Nxf6 17. Ne2 Qb6+ 18. Kh1 Ne4 19. Rf1 Nf2+ 20.
Rxf2 Qxf2 21. Ng3 Qxf4 22. Rf1 Qh6 23. Qg4 Rac8 0-1

[Event "4th ch-EU"]
[Site "Liverpool ENG"]
[Date "2008.09.09"]
[Round "1"]
[White "Carleton,J"]
[Black "Roy,Ali"]
[Result "1-0"]
[WhiteElo "2305"]
[BlackElo "1693"]
[EventDate "2008.09.09"]

1. d4 d5 2. c4 c6 3. Nc3 Nf6 4. cxd5 cxd5 5. Bf4 Nc6 6. e3 a6 7. Bd3 e6 8.
Rc1 Bd6 9. Bxd6 Qxd6 10. f4 b5 11. Nf3 Bb7 12. O-O O-O 13. Ne5 Rac8 14. Rf3
Ne7 15. Rh3 g6 16. Qe1 Kg7 17. g4 h5 18. gxh5 Nxh5 19. Rxh5 gxh5 20. Qg3+
Kh8 21. Qg5 Nf5 22. Qf6+ Kh7 23. Bxf5+ Kg8 24. Kh1 Rfd8 25. Rg1+ Kf8 26.
Qxf7+ 1-0

[Event "4th ch-EU"]
[Site "Liverpool ENG"]
[Date "2008.09.09"]
[Round "1"]
[White "Ewart,B"]
[Black "Radovanovic,J"]
[Result "0-1"]
[WhiteElo "1902"]
[BlackElo "2325"]
[EventDate "2008.09.09"]

1. d4 Nf6 2. c4 g6 3. Nc3 Bg7 4. e4 O-O 5. Be3 d6 6. f3 c5 7. d5 e6 8. Nge2
exd5 9. cxd5 a6 10. a4 Nbd7 11. Qd2 Ne5 12. Nc1 Nh5 13. Bg5 f6 14. Bh4 g5
15. Bf2 f5 16. Nd3 Ng6 17. exf5 Re8+ 18. Kd1 Bxf5 19. g4 Bxd3 20. gxh5 Bxf1
21. hxg6 Bg2 22. gxh7+ Kh8 23. Rg1 Bxf3+ 24. Kc2 Qf6 25. Be3 g4 26. Raf1 b5
27. Bg5 Qf5+ 28. Kc1 b4 29. Nd1 Re4 30. Ne3 Qxg5 31. Rxf3 Bh6 32. h4 Qxe3
33. Rxe3 Bxe3 0-1

[Event "4th ch-EU"]
[Site "Liverpool ENG"]
[Date "2008.09.10"]
[Round "2"]
[White "Sebenik,M"]
[Black "Adams,Mi"]
[Result "0-1"]
[WhiteElo "2485"]
[BlackElo "2735"]
[EventDate "2008.09.09"]

1. Nf3 Nf6 2. c4 e6 3. g3 d5 4. d4 dxc4 5. Bg2 a6 6. O-O Nc6 7. e3 Bd7 8.
Nc3 Bb4 9. Qe2 Nd5 10. Ne4 b5 11. Bd2 Be7 12. Rfc1 O-O 13. b3 Ba3 14. Rc2
Ncb4 15. Bxb4 Nxb4 16. Rc3 Nd5 17. Rc2 f5 18. Nc3 Bb4 19. Nxd5 exd5 20. Ne5
Be6 21. bxc4 bxc4 22. Rb1 a5 23. a3 Bxa3 24. Rb5 Qd6 0-1

[Event "4th ch-EU"]
[Site "Liverpool ENG"]
[Date "2008.09.10"]
[Round "2"]
[White "Bacrot,E"]
[Black "Shaw,J"]
[Result "1/2-1/2"]
[WhiteElo "2691"]
[BlackElo "2469"]
[EventDate "2008.09.09"]

1. d4 d5 2. c4 c6 3. Nf3 Nf6 4. e3 Bg4 5. Nc3 e6 6. h3 Bxf3 7. Qxf3 Nbd7 8.
Bd3 Bb4 9. Bd2 O-O 10. a3 Ba5 11. cxd5 cxd5 12. O-O Re8 13. Rac1 Rc8 14. b4
Bb6 15. a4 e5 16. Bb1 exd4 17. exd4 Nf8 18. Ba2 Bxd4 19. Nxd5 Ne6 20. Nxf6+
Bxf6 21. Bxe6 fxe6 22. Rxc8 Qxc8 23. Be3 a6 24. Rd1 Rd8 25. Rxd8+ Qxd8 26.
Qxb7 Qd1+ 27. Kh2 Qxa4 28. Bc5 h6 29. g3 Qb5 30. Qa8+ Kf7 31. h4 h5 32. Qc8
Qa4 33. Qb7+ Kg6 34. Qe4+ Kf7 35. Qe2 g6 36. Qf3 Qb5 37. Qa8 Bg7 38. Qc8
Qc4 39. Qd7+ Kg8 40. Qe8+ Kh7 41. Qf7 Qc3 42. Qa7 Qc4 43. Kg1 Kg8 44. Qa8+
Kh7 45. Qb7 Kg8 46. Qc8+ Kh7 47. Qd7 Kg8 48. Qe8+ Kh7 49. Qf7 Qc3 50. Qa7
Qc1+ 51. Kg2 Qc4 52. Qf7 Qe4+ 53. Kh2 Kh8 54. Qd7 Qc4 55. Qf7 Qe4 56. Qe8+
Kh7 57. Qd7 Qc4 58. Kg1 Qc1+ 59. Kg2 Qc4 60. Qa7 Kg8 61. Qc7 Qe4+ 62. Kg1
Qc4 63. Qb7 Kh8 64. Qf7 Qe4 65. Qe8+ Kh7 66. Qd7 Qe1+ 67. Kh2 Qe4 68. Qf7
Kh8 69. Qa7 Qc4 70. Kg1 Kg8 71. Qd7 Kh8 72. Qe8+ Kh7 73. Qf7 Qc3 74. Qa7
Qc1+ 75. Kg2 Qc4 76. Bf8 Qd5+ 77. Kg1 Qd1+ 78. Kh2 Qd4 79. Bc5 Qd3 80. Qb7
Kg8 81. Qc6 Kf7 82. Bd6 Qb5 83. Qc8 Qa4 84. Bc5 Qb5 85. Bd6 Qa4 86. Qb7+
Kg8 87. Qe7 Qa2 1/2-1/2

[Event "4th ch-EU"]
[Site "Liverpool ENG"]
[Date "2008.09.10"]
[Round "2"]
[White "Fridman,D2"]
[Black "Pileckis,E"]
[Result "1-0"]
[WhiteElo "2637"]
[BlackElo "2443"]
[EventDate "2008.09.09"]

1. d4 Nf6 2. c4 e6 3. Nc3 Bb4 4. Qc2 d5 5. a3 Bxc3+ 6. Qxc3 Ne4 7. Qc2 c5
8. dxc5 Nc6 9. Nf3 Qa5+ 10. Bd2 Qxc5 11. e3 Nxd2 12. Nxd2 dxc4 13. Bxc4 Ne5
14. Ne4 Qb6 15. Bb5+ Ke7 16. Qa4 a5 17. Rd1 Rd8 18. Rxd8 Qxd8 19. O-O Bd7
20. Qd4 f6 21. Qd6+ Ke8 22. Qxe6+ Kf8 23. Qd6+ Qe7 24. Bxd7 Nxd7 25. Rc1
Rd8 26. Qxe7+ Kxe7 27. Rc7 b6 28. g4 Re8 29. f4 Kd8 30. Rc4 Re6 31. Kf2 b5
32. Nc5 Nxc5 33. Rxc5 Rb6 34. b4 1-0

[Event "4th ch-EU"]
[Site "Liverpool ENG"]
[Date "2008.09.10"]
[Round "2"]
[White "Dembo,Y"]
[Black "L'Ami,E"]
[Result "0-1"]
[WhiteElo "2431"]
[BlackElo "2610"]
[EventDate "2008.09.09"]

1. e4 c6 2. d4 d5 3. e5 Bf5 4. Be3 Qb6 5. Qc1 e6 6. c4 Bxb1 7. Rxb1 Bb4+ 8.
Kd1 dxc4 9. Bxc4 c5 10. dxc5 Bxc5 11. Ke2 Nc6 12. Nf3 Nge7 13. b4 Bxe3 14.
Qxe3 Ng6 15. Qe4 Rd8 16. Rhe1 Nd4+ 17. Kf1 O-O 18. Kg1 Nxf3+ 19. Qxf3 Rd4
20. Bd3 Rxb4 21. Rxb4 Qxb4 22. Rb1 Qa5 23. Bxg6 hxg6 24. Qxb7 Qxa2 25. h3
Rd8 26. Re1 Qa5 27. Rc1 a6 28. Qe7 Qd2 29. Ra1 a5 30. Qc7 Ra8 31. Qb7 Qd8
32. Kh2 a4 33. Ra3 Qd5 34. Qb2 Qc5 35. Kg1 Kh7 36. Kh2 Ra5 37. f4 Ra8 38.
Qa1 Qb4 39. Qc1 Qd4 40. Qf1 Rb8 41. Rg3 Ra8 42. Ra3 g5 43. fxg5 Qxe5+ 44.
Kh1 Qxg5 45. Qc4 Qd5 46. Qc2+ Qf5 47. Qc4 Qa5 48. Qd4 Kg8 49. Qe4 g6 50.
Qd4 Qb5 51. Qe4 Qd5 52. Qb4 Kg7 53. Kh2 Qe5+ 54. Kh1 Rb8 0-1

[Event "4th ch-EU"]
[Site "Liverpool ENG"]
[Date "2008.09.10"]
[Round "2"]
[White "Beliavsky,A"]
[Black "Ris,R"]
[Result "1/2-1/2"]
[WhiteElo "2606"]
[BlackElo "2415"]
[EventDate "2008.09.09"]

1. c4 Nf6 2. Nc3 d5 3. cxd5 Nxd5 4. g3 g6 5. Bg2 Nxc3 6. bxc3 Bg7 7. Rb1
Nc6 8. Nf3 Qd7 9. O-O b6 10. d4 Bb7 11. e4 O-O 12. Qe2 Na5 13. Rd1 Rfd8 14.
Bf4 c5 15. dxc5 Qc6 16. cxb6 Rxd1+ 17. Qxd1 axb6 18. e5 Nc4 19. Qf1 Qc5 20.
Qe2 e6 21. h4 Rc8 22. Nd4 Bxg2 23. Kxg2 Qd5+ 24. Nf3 Qa5 25. Rb4 Qc5 26. a4
Bf8 27. h5 Qc6 28. Rb5 Ra8 29. Qd1 Na3 30. Rb2 Nc4 31. Ra2 Bg7 32. Kg1 Qe4
33. Kg2 Qc6 34. Qe2 g5 35. Bxg5 Nxe5 36. h6 Nxf3 37. Qxf3 Qxf3+ 38. Kxf3
Bxc3 39. Rc2 Be5 40. Be3 Kf8 41. Rc4 Ra6 42. Ke4 Bd6 43. g4 Ke7 44. g5 Kd7
45. f4 Bc7 46. f5 exf5+ 47. Kxf5 Bd8 48. Rd4+ Ke8 49. Re4+ Kd7 50. Bd2 Ra8
51. Rd4+ Ke8 52. Rc4 Kd7 53. Bc3 Ke8 54. Re4+ Kd7 55. Bf6 Ra5+ 56. Re5 Bc7
57. Rxa5 bxa5 58. Bc3 Bd8 59. Be5 Ke8 60. Bf6 Bc7 61. Bc3 Bd8 62. Bd2 Kd7
63. Ke5 Kc6 64. Be3 Be7 65. Kf5 Bd8 66. Ke5 1/2-1/2

[Event "4th ch-EU"]
[Site "Liverpool ENG"]
[Date "2008.09.10"]
[Round "2"]
[White "Baramidze,D"]
[Black "Collins,S IRL"]
[Result "1/2-1/2"]
[WhiteElo "2593"]
[BlackElo "2412"]
[EventDate "2008.09.09"]

1. d4 Nf6 2. Nf3 d5 3. c4 e6 4. Nc3 Be7 5. Bg5 h6 6. Bh4 O-O 7. e3 Ne4 8.
Bxe7 Qxe7 9. Qc2 c6 10. Bd3 Nxc3 11. Qxc3 dxc4 12. Bxc4 Nd7 13. O-O b6 14.
Rfd1 Bb7 15. Be2 c5 16. Rac1 Rac8 17. Qa3 a5 18. Qb3 Bd5 19. Qa4 Bc6 20.
Qb3 Bd5 21. Qa4 Bc6 22. Qb3 1/2-1/2

[Event "4th ch-EU"]
[Site "Liverpool ENG"]
[Date "2008.09.10"]
[Round "2"]
[White "Vaznonis,V"]
[Black "Smeets,J"]
[Result "1/2-1/2"]
[WhiteElo "2407"]
[BlackElo "2593"]
[EventDate "2008.09.09"]

1. d4 d5 2. c4 c6 3. Nf3 Nf6 4. e3 Bf5 5. Nc3 e6 6. Nh4 Be4 7. f3 Bg6 8.
Qb3 Qc7 9. Bd2 a6 10. Rc1 Bd6 11. c5 Be7 12. Nxg6 hxg6 13. Be2 Nbd7 14. f4
g5 15. g3 Nh5 16. O-O gxf4 17. exf4 g6 18. Bf3 O-O-O 19. Ne2 Rh7 20. Rf2
Rdh8 21. Qd3 f5 22. b4 Ndf6 23. a4 Ne4 24. Rg2 Kd7 25. b5 axb5 26. axb5 Ra8
27. Rb1 Nhf6 28. Nc1 Ra4 29. Be3 Qa5 30. bxc6+ bxc6 31. Qf1 Ke8 32. Nd3 Nd7
33. g4 Ra2 34. gxf5 gxf5 35. Nb4 Qa3 36. Bc1 Rxg2+ 37. Qxg2 Qc3 38. Nc2 Kf8
39. Kh1 Rg7 40. Qe2 Rh7 41. Kg2 Rg7+ 42. Kh1 Rh7 43. Kg2 Ndf6 44. Be3 Rg7+
45. Kh1 Ng4 46. Bxg4 Rxg4 47. Nb4 Rh4 48. Kg2 Rg4+ 49. Kh1 Rh4 50. Kg2 Rg4+
51. Kh1 Rg3 52. Nc2 Rg4 1/2-1/2

[Event "4th ch-EU"]
[Site "Liverpool ENG"]
[Date "2008.09.10"]
[Round "2"]
[White "Berg,E"]
[Black "Houska,Jo"]
[Result "1-0"]
[WhiteElo "2592"]
[BlackElo "2405"]
[EventDate "2008.09.09"]

1. e4 c6 2. d4 d5 3. e5 Bf5 4. g4 Bd7 5. c4 e6 6. Nc3 Ne7 7. Nf3 dxc4 8.
Bxc4 Nd5 9. h4 Nxc3 10. bxc3 c5 11. d5 b5 12. dxe6 fxe6 13. Bd3 Bc6 14. Qe2
a6 15. Rh3 c4 16. Bc2 Qd5 17. Be3 b4 18. Rd1 Qb5 19. Nd4 Qxe5 20. Qxc4 Bd5
21. Qc8+ Ke7 22. f4 Qf6 23. g5 Qf7 24. Nc6+ Kd6 25. cxb4 Qc7 26. Bc5+ 1-0

[Event "4th ch-EU"]
[Site "Liverpool ENG"]
[Date "2008.09.10"]
[Round "2"]
[White "Langrock,H"]
[Black "Werle,J"]
[Result "1-0"]
[WhiteElo "2398"]
[BlackElo "2591"]
[EventDate "2008.09.09"]

1. e4 e5 2. Nf3 Nc6 3. Bb5 a6 4. Bxc6 dxc6 5. O-O f6 6. d4 exd4 7. Nxd4 c5
8. Ne2 Qxd1 9. Rxd1 Bd7 10. Nbc3 O-O-O 11. Be3 b6 12. Rd2 Be6 13. Rxd8+
Kxd8 14. Rd1+ Kc8 15. Nf4 Bf7 16. Nfd5 Be7 17. Nxe7+ Nxe7 18. a3 Nc6 19. f3
Rd8 20. Rxd8+ Kxd8 21. Ne2 a5 22. g4 Ba2 23. Nf4 Ke7 24. Nd3 Nd4 25. Ne1
Bb1 26. c3 Nb5 27. Kf2 Nd6 28. Ng2 Nc4 29. Bc1 Ne5 30. Ke3 g5 31. h4 h6 32.
h5 Kd6 33. Ke2 Bd3+ 34. Ke3 Bc2 35. Ke2 Ba4 36. Ne1 Kc6 37. Bd2 Bb5+ 38.
Kd1 a4 39. Be3 Bf1 40. Bf2 Nc4 41. Kc1 Be2 42. Bg3 Kd7 43. Bh2 c6 44. Bg3
Ke6 45. Bc7 Ne5 46. Kd2 Bxf3 47. Bxe5 Kxe5 48. Nxf3+ Kxe4 49. Ke2 Kf4 50.
Nd2 Kxg4 51. b3 axb3 52. Nxb3 Kh3 53. a4 g4 54. Ke3 Kg3 55. Nd2 f5 56. Nf1+
Kg2 57. Nd2 Kg3 58. Nf1+ Kg2 59. Nd2 g3 60. c4 Kh3 61. Kf4 Kh4 62. Nf3+
Kxh5 63. Kxg3 Kg6 64. Ne5+ Kf6 65. Nd7+ Ke6 66. Nxb6 Kd6 67. a5 Kc7 68. Na4
Kd6 1-0